[Event "AUTO-OPEN-284"]
[Site "http://www.queenalice.com/game.php?id=73716"]
[Date "2006.6.2"]
[Round "1"]
[White "Magesoul"]
[Black "dilucia"]
[Result "0-1"]
[WhiteElo "1395"]
[BlackElo "1811"]

1. Nf3 d5 2. g3 Nf6 3. d4 e6 4. Bf4 Bd6 5. Bxd6 Qxd6 6. Bg2 Qb4+ 7. c3 Qxb2 8.
Ne5 Qxa1 9. Qa4+ b5 10. Qb3 a5 11. O-O b4 12. Nd2 Qxc3 13. Rd1 Qxd4 14. Ndf3 Qb6
15. Qa4+ Nbd7 16. Nxd7 Bxd7 0-1

[Event "AUTO-OPEN-284"]
[Site "http://www.queenalice.com/game.php?id=73717"]
[Date "2006.6.2"]
[Round "1"]
[White "dilucia"]
[Black "Magesoul"]
[Result "1-0"]
[WhiteElo "1811"]
[BlackElo "1395"]

1. e4 e5 2. Nf3 Nf6 3. Nxe5 Qe7 4. d4 c5 5. c3 Nxe4 6. Qf3 d5 7. Bd3 cxd4 8.
cxd4 f6 9. Bxe4 dxe4 10. Qh5+ g6 11. Nxg6 hxg6 12. Qxh8 Qb4+ 13. Nc3 Qxd4 14.
Bh6 Nd7 15. O-O b6 16. Rad1 1-0

[Event "Xadrezbr"]
[Site "http://www.queenalice.com/game.php?id=74088"]
[Date "2006.6.3"]
[Round "-"]
[White "Magesoul"]
[Black "Xadrezbr"]
[Result "0-1"]
[WhiteElo "1395"]
[BlackElo "1973"]

1. Nf3 Nf6 2. d4 d5 3. g3 c6 4. Nc3 Bf5 5. Bg2 e6 6. a3 Be7 7. Bf4 Nbd7 8. Ne5
Qb6 9. b4 Nxe5 10. dxe5 Ng4 11. f3 Qf2+ 12. Kd2 Qd4+ 13. Kc1 Qxc3 14. Qd4 Qxd4
15. Rd1 Qxa1+ 0-1

[Event "Let's Play Chess!"]
[Site "http://www.queenalice.com/game.php?id=74249"]
[Date "2006.6.4"]
[Round "-"]
[White "marcos"]
[Black "Magesoul"]
[Result "1-0"]
[WhiteElo "1622"]
[BlackElo "1386"]

1. e4 e5 2. Bc4 Nf6 3. d3 Bc5 4. Bg5 Nc6 5. Nf3 d6 6. Bb5 h6 7. Bxf6 Qxf6 8. Nc3
g5 9. Nd5 Qg7 10. Nxc7+ Kd8 11. Nxa8 f5 12. h3 a6 13. Bxc6 bxc6 14. c3 Bb7 15.
d4 exd4 16. cxd4 1-0

[Event "AUTO-OPEN-286"]
[Site "http://www.queenalice.com/game.php?id=74401"]
[Date "2006.6.5"]
[Round "1"]
[White "Alcar"]
[Black "Magesoul"]
[Result "1-0"]
[WhiteElo "1664"]
[BlackElo "1546"]

1. d4 Nf6 2. c4 e6 3. Nc3 Nc6 4. Nf3 d5 5. Bg5 h6 6. Bh4 g5 7. Bg3 Bg7 8. e3
dxc4 9. Bxc4 O-O 10. O-O a6 11. d5 exd5 12. Nxd5 Nxd5 13. Bxd5 Qe7 14. Bxc6 bxc6
15. Qc2 1-0

[Event "AUTO-OPEN-286"]
[Site "http://www.queenalice.com/game.php?id=74402"]
[Date "2006.6.5"]
[Round "1"]
[White "Magesoul"]
[Black "Alcar"]
[Result "0-1"]
[WhiteElo "1605"]
[BlackElo "1650"]

1. Nf3 b6 2. g3 Bb7 3. Bg2 d5 4. d4 Nf6 5. Ne5 e6 6. Nc3 Bd6 7. O-O O-O 8. Bg5
h6 9. Bxf6 Qxf6 10. f4 Nc6 11. Nxc6 Bxc6 12. e4 dxe4 13. Bxe4 Bxe4 14. Nxe4 Qf5
0-1

[Event "Challenge"]
[Site "http://www.queenalice.com/game.php?id=74873"]
[Date "2006.6.7"]
[Round "-"]
[White "Magesoul"]
[Black "Hades"]
[Result "0-1"]
[WhiteElo "1460"]
[BlackElo "1519"]

1. Nf3 d5 2. g3 Nc6 3. d4 Bg4 4. Bf4 Nf6 5. Nbd2 e6 6. c4 Bd6 7. Bxd6 Qxd6 8. c5
Qd7 9. h3 Bxf3 10. exf3 Nxd4 11. Nb3 Nxb3 12. Qxb3 c6 0-1

[Event "AUTO-MASTER-157"]
[Site "http://www.queenalice.com/game.php?id=74891"]
[Date "2006.6.7"]
[Round "1"]
[White "leeroy"]
[Black "Magesoul"]
[Result "1-0"]
[WhiteElo "1892"]
[BlackElo "1634"]

1. d4 d5 2. Nf3 Bf5 3. Nc3 e6 4. a3 Nf6 5. Bf4 Nc6 6. Nb5 Bd6 7. Nxd6+ cxd6 8.
e3 O-O 9. Bd3 Bxd3 10. Qxd3 e5 11. dxe5 dxe5 12. Nxe5 Nxe5 13. Bxe5 d4 14. Bxd4
1-0

[Event "AUTO-MASTER-157"]
[Site "http://www.queenalice.com/game.php?id=74892"]
[Date "2006.6.7"]
[Round "1"]
[White "Magesoul"]
[Black "leeroy"]
[Result "0-1"]
[WhiteElo "1684"]
[BlackElo "1884"]

1. Nf3 c5 2. g3 d5 3. c4 d4 4. e3 dxe3 5. fxe3 Bg4 6. Bg2 Nc6 7. O-O Nf6 8. h3
Bh5 9. g4 Nxg4 10. hxg4 Bxg4 11. d4 cxd4 12. exd4 e6 13. c5 Bxf3 0-1

[Event "AUTO-MASTER-157"]
[Site "http://www.queenalice.com/game.php?id=74905"]
[Date "2006.6.7"]
[Round "1"]
[White "Magesoul"]
[Black "davividal"]
[Result "0-1"]
[WhiteElo "1378"]
[BlackElo "989"]

1. Nf3 Nf6 2. d4 g6 3. g3 Bg7 4. Nc3 d5 5. Bg2 O-O 6. Na4 a6 7. b3 Nbd7 8. Nc5
Nxc5 9. dxc5 Ne4 10. c4 Bxa1 11. Qc2 Bc3+ 12. Bd2 Bxd2+ 13. Nxd2 Nxd2 14. Qxd2
dxc4 15. Qxd8 Rxd8 16. bxc4 Be6 17. Bxb7 Rab8 18. Bxa6 Rb1# 0-1

[Event "AUTO-MASTER-157"]
[Site "http://www.queenalice.com/game.php?id=74906"]
[Date "2006.6.7"]
[Round "1"]
[White "davividal"]
[Black "Magesoul"]
[Result "1-0"]
[WhiteElo "1194"]
[BlackElo "1346"]

1. c4 e5 2. Nc3 Bc5 3. g3 Nf6 4. Bg2 Nc6 5. e3 d6 6. Nge2 Bg4 7. f3 Bh5 8. O-O
d5 9. d3 d4 10. exd4 exd4 11. Ne4 O-O 12. Nxc5 Na5 13. Bd2 b6 14. Bxa5 bxa5 15.
f4 Rb8 16. Qc2 Re8 17. Nc1 Ng4 18. N1b3 Ne3 19. Qd2 Nxf1 20. Rxf1 Re2 21. Qxa5
Rxb2 22. Na6 Rb6 23. c5 Re6 24. Qxc7 1-0

[Event "AUTO-MASTER-157"]
[Site "http://www.queenalice.com/game.php?id=74907"]
[Date "2006.6.7"]
[Round "1"]
[White "Magesoul"]
[Black "RafmasterX"]
[Result "0-1"]
[WhiteElo "1506"]
[BlackElo "1648"]

1. Nf3 Nc6 2. d4 d5 3. g3 Nf6 4. Bg2 h6 5. Nc3 e6 6. Bf4 Nh5 7. e3 Nxf4 8. exf4
Bb4 9. Ne5 Nxe5 10. fxe5 Bd7 11. O-O a6 12. Rb1 Qe7 13. a3 Ba5 14. b4 Bb6 15. f4
O-O 16. a4 Rab8 17. a5 Ba7 18. b5 axb5 19. Nxb5 Bxb5 20. Rxb5 Qa3 21. Qb1 Bxd4+
22. Kh1 b6 23. axb6 Rxb6 0-1

[Event "AUTO-MASTER-157"]
[Site "http://www.queenalice.com/game.php?id=74908"]
[Date "2006.6.7"]
[Round "1"]
[White "RafmasterX"]
[Black "Magesoul"]
[Result "1-0"]
[WhiteElo "1658"]
[BlackElo "1480"]

1. d4 Nf6 2. c4 d5 3. Nc3 dxc4 4. e4 Bg4 5. f3 Bh5 6. Bxc4 e6 7. Nge2 Nc6 8. Be3
Bb4 9. a3 Bxc3+ 10. Nxc3 O-O 11. g4 Bg6 12. h4 h5 13. g5 Na5 14. Ba2 Nd7 15. Qd2
f6 16. Bxe6+ Kh8 17. Ne2 fxg5 18. Bxg5 Qe8 19. Bxd7 Qxd7 20. Qxa5 Rxf3 21. e5
Bd3 22. Qd2 Raf8 23. Be3 Qg4 24. Qxd3 1-0

[Event "Let's Play Chess!"]
[Site "http://www.queenalice.com/game.php?id=442823"]
[Date "2008.8.2"]
[Round "-"]
[White "Magesoul"]
[Black "charles31"]
[Result "0-1"]
[WhiteElo "1319"]
[BlackElo "1664"]

1. d4 d5 2. Nc3 Bg4 3. h3 Bh5 4. Nf3 Bxf3 5. exf3 e6 6. Bb5+ c6 7. Ba4 a5 8. a3
b5 9. Bb3 a4 10. Ba2 b4 0-1

[Event "Let's Play Chess!"]
[Site "http://www.queenalice.com/game.php?id=442824"]
[Date "2008.8.2"]
[Round "-"]
[White "charles31"]
[Black "Magesoul"]
[Result "1-0"]
[WhiteElo "1666"]
[BlackElo "1317"]

1. Nf3 c5 2. d4 e6 3. Nc3 Nf6 4. dxc5 Bxc5 5. e3 d5 6. Bb5+ Nc6 7. Ne5 Bd7 8.
Qf3 O-O 9. Nxc6 Bxc6 10. Bxc6 bxc6 11. O-O 1-0

[Event "Let's Play Chess!"]
[Site "http://www.queenalice.com/game.php?id=442825"]
[Date "2008.8.2"]
[Round "-"]
[White "Magesoul"]
[Black "charles31"]
[Result "0-1"]
[WhiteElo "1315"]
[BlackElo "1668"]

1. c4 e5 2. Nc3 d6 3. e4 Nf6 4. Nf3 Bg4 5. d3 h6 6. Nd5 Nc6 7. Be2 Bxf3 8. Bxf3
Nxd5 9. cxd5 Nd4 10. Bg4 g5 0-1

[Event "Let's Play Chess!"]
[Site "http://www.queenalice.com/game.php?id=442827"]
[Date "2008.8.2"]
[Round "-"]
[White "Magesoul"]
[Black "charles31"]
[Result "0-1"]
[WhiteElo "1324"]
[BlackElo "1659"]

1. c4 e5 2. Nc3 f5 3. g3 Bb4 4. Bg2 Bxc3 5. bxc3 e4 6. f3 Nf6 7. Qb3 d6 8. fxe4
fxe4 9. d3 Qe7 10. Bg5 Bf5 0-1

[Event "Let's Play Chess!"]
[Site "http://www.queenalice.com/game.php?id=442828"]
[Date "2008.8.3"]
[Round "-"]
[White "charles31"]
[Black "Magesoul"]
[Result "1-0"]
[WhiteElo "1662"]
[BlackElo "1321"]

1. d4 c5 2. dxc5 e6 3. b4 a5 4. Ba3 Nc6 5. b5 Nb4 6. c3 Nd5 7. e3 Ngf6 8. c4 Ne7
9. Nh3 Ng6 10. b6 d5 11. cxd5 1-0

[Event "Let's Play Chess!"]
[Site "http://www.queenalice.com/game.php?id=442829"]
[Date "2008.8.3"]
[Round "-"]
[White "Magesoul"]
[Black "charles31"]
[Result "0-1"]
[WhiteElo "1313"]
[BlackElo "1670"]

1. c4 e5 2. Nc3 Nc6 3. e4 Bb4 4. Nf3 Bxc3 5. bxc3 d6 6. Qb3 Nf6 7. d3 h6 8. Be3
Qd7 9. Be2 g5 10. O-O g4 0-1